| 000 | 01528cam a22003977a 4500 | ||
|---|---|---|---|
| 003 | CHAP | ||
| 005 | 20220329134340.0 | ||
| 008 | 971013s1982 r 00010 d | ||
| 010 | _a19147 | ||
| 011 | _a20119 | ||
| 035 | _a24207 | ||
| 040 | _cCHAP | ||
| 082 |
_a636.2 _bC45 |
||
| 110 |
_aCentro Internacional de Agricultura Tropical _921185 |
||
| 245 | 1 | 3 | _aLa ganadería de carne vacuna en el Uruguay |
| 260 |
_aCali : _b(El Centro), _c1982 |
||
| 300 |
_a172 p. _b; gráfs. |
||
| 490 | 0 | _aCIAT. Series 06SG-2 (82) | |
| 505 | _aContenido: Pte. 1 Caracterización del sector productor de carne vacuna, por Carlos Pérez Arrarte y Joaquín Secco García p. 1-81. -- Pte. 2 Tercero y cuarto proyectos del Banco Mundial para desarrollar el sector ganadero del Uruguay, por Lovell Jarvi | ||
| 590 |
_aBATCH-UPD _b10 _c20130110 _lUCH01 _h0106 |
||
| 590 |
_aBATCH-UPD _b10 _c20130110 _lUCH01 _h1912 |
||
| 590 |
_aBATCH-UPD _b10 _c20130409 _lUCH01 _h2057 |
||
| 590 |
_aBATCH-UPD _b10 _c20130410 _lUCH01 _h1239 |
||
| 590 |
_aBATCH-UPD _b10 _c20130914 _lUCH01 _h0930 |
||
| 590 |
_aCONVERSION _b10 _c20130109 _lUCH01 _h1312 |
||
| 650 | 1 | 4 |
_aGanadería _xUruguay. _944859 |
| 650 | 1 | 4 |
_aGanado de carne. _945067 |
| 650 | 1 | 4 |
_aGanado vacuno _xUruguay. _945523 |
| 700 | 0 |
_aJarvis, Lovell. _961198 |
|
| 700 | 0 |
_aPérez Arrarte, Carlos. _989519 |
|
| 700 | 0 |
_aSecco García, Joaquín. _9103520 |
|
| 830 | 0 |
_aCIAT. Series 06SG-2 (82) _923020 |
|
| 901 | _aBK | ||
| 942 | _cLIBRO | ||
| 949 |
_a636.2 C45 _bBC _cLIBRO _d33724000265989 _eLIBRO _i24207 _si |
||
| 999 |
_c19147 _d19147 |
||